Acta Universitatis Bohemiae Meridionales vědecký časopis pro ekonomiku řízení a obchod = the scientific journal of economics, management and trade

Enregistré dans:
Détails bibliographiques
Format: Publication en série
Langue:tchèque
anglais
Publié: České Budějovice Jihočeská univerzita 1998
Sujets:
Tags: Ajouter un tag
Pas de tags, Soyez le premier à ajouter un tag!

MARC

LEADER 00000nas2a2200000 4500
001 s122153
005 20221221065502.0
022 |a 1212-3285 
041 0 |a cze 
041 0 |a eng 
044 |a CZ 
245 1 0 |a Acta Universitatis Bohemiae Meridionales  |b vědecký časopis pro ekonomiku řízení a obchod = the scientific journal of economics, management and trade 
264 1 |a České Budějovice  |b Jihočeská univerzita  |c 1998 
300 |a 1 zv. 
773 0 |w eu_un_cat*s122132 
610 2 0 |a ekonómia 
610 2 0 |a riadenie 
610 2 0 |a obchod 
610 2 0 |a školy vysoké